বাংলাদেশে প্রশাসন বিকেন্দ্রীকরণ : (Record no. 77561)
[ view plain ]
| 000 -LEADER | |
|---|---|
| fixed length control field | 01776nam a2200277 a 4500 |
| 001 - CONTROL NUMBER | |
| control field | 77561 |
| 003 - CONTROL NUMBER IDENTIFIER | |
| rucl marc code | BD-RjUL |
| 005 - DATE AND TIME OF LATEST TRANSACTION | |
| control field | 20211209083004.0 |
| 008 - FIXED-LENGTH DATA ELEMENTS--GENERAL INFORMATION | |
| fixed length control field | 201123s2005 bg a|||| m||| 00| 0 ben d |
| 035 ## - SYSTEM CONTROL NUMBER | |
| System control number | (BD-RjUL)77787 |
| 040 ## - CATALOGING SOURCE | |
| Language of cataloging | ben / eng |
| 041 ## - LANGUAGE CODE | |
| Language code of text/sound track or separate title | ben |
| 082 ## - DEWEY DECIMAL CLASSIFICATION NUMBER | |
| Classification number | 352.14095492 |
| Author mark and year | ISB 2005 |
| Edition number | 23 |
| 100 ## - MAIN ENTRY--PERSONAL NAME | |
| Personal name | ইসলাম, মো. কহিনুর |
| 9 (RLIN) | 242094 |
| 245 10 - TITLE STATEMENT | |
| Title | বাংলাদেশে প্রশাসন বিকেন্দ্রীকরণ : |
| Remainder of title | পল্লী উন্নয়নে এর প্রভাব / |
| Statement of responsibility, etc. | মো. কহিনুর ইসলাম ; |
| Linkage | গবেষণা তত্বাবধায়ক : এম. শামসুর রহমান |
| 260 ## - PUBLICATION, DISTRIBUTION, ETC. (IMPRINT) | |
| Place of publication, distribution, etc. | রাজশাহী : |
| Name of publisher, distributor, etc. | ইনস্টিটিউট অব বাংলাদেশ স্টাডিজ, রাজশাহী বিশ্ববিদ্যালয়, |
| Date of publication, distribution, etc. | ২০০৫ |
| 300 ## - PHYSICAL DESCRIPTION | |
| Pagination | xiv, ৩০৪ পাতা : |
| Illustrations | চিত্র ; |
| Size | ২৯ সেমি. |
| 502 ## - DISSERTATION NOTE | |
| Dissertation note | থিসিস (পিএইচ. ডি.) -- ইনস্টিটিউট অব বাংলাদেশ স্টাডিজ, রাজশাহী বিশ্ববিদ্যালয়, ২০০৫ |
| 504 ## - BIBLIOGRAPHY, ETC. NOTE | |
| Bibliography, etc | গ্রন্থপঞ্জি : পাতা [২৭৪] -৩০৩ |
| 650 ## - SUBJECT ADDED ENTRY--TOPICAL TERM | |
| Topical term or geographic name as entry element | স্থানীয় প্রশাসন |
| Geographic subdivision | বাংলাদেশ |
| 9 (RLIN) | 242095 |
| Topical term or geographic name as entry element | Local Administrarion |
| Geographic subdivision | Bangladesh |
| 9 (RLIN) | 242096 |
| Topical term or geographic name as entry element | সরকারের বিকেন্দ্রীকরণ |
| Geographic subdivision | বাংলাদেশ |
| 9 (RLIN) | 143391 |
| Topical term or geographic name as entry element | Decentralization in government |
| Geographic subdivision | Bangladesh |
| 9 (RLIN) | 242099 |
| 700 ## - ADDED ENTRY--PERSONAL NAME | |
| Personal name | রহমান, এম শামসুর, গবেষণা তত্বাবধায়ক |
| 942 ## - ADDED ENTRY ELEMENTS (KOHA) | |
| Source of classification or shelving scheme | Dewey Decimal Classification |
| Koha item type | Theses |
| Lost status | Source of classification or shelving scheme | Damaged status | Not for loan | Collection code | Permanent Location | Current Location | Shelving location | Date acquired | Source of acquisition | Total Checkouts | Full call number | Date last seen | Copy number | Koha item type |
|---|---|---|---|---|---|---|---|---|---|---|---|---|---|---|
| Dewey Decimal Classification | Not For Loan | Theses | Central Library, University of Rajshahi | Central Library, University of Rajshahi | Documentation Section | 08/10/2005 | Controller Exam. RU | BTHE 352.14095492 ISB 2005 | 23/11/2020 | C-1 | Theses |